00258nam a22000977a 4500008004100000082001900041245003000060260003500090300001500125440002000140230629b xxu||||| |||| 00| 0 eng d a348.bCLB 1992 aCommonwealth Law Bulletin bCommonwealth Secretariatc1992 aXVIII,406p n1v18x03050718